000 00738nam a2200289Ia 4500
005 20260324143024.0
008 008 260324s9999 xx 000 0 eng d
020 _a9781315287898
037 _aEBOOK
040 _aCRL
040 _beng
040 _cCRL
041 _2eng
041 _aeng
084 _qCRL
100 _aWilliam Moskoff
_91214106
245 0 _aHard Times: Impoverishment and Protest in the Perestroika Years - Soviet Union, 1985-91
245 2 _bA Guide for Fellow Adventurers
260 _bTaylor and Francis
260 _c1993
365 _a
365 _b290
856 _uhttp://www.taylorfrancis.com/books/9781315287898
942 _cEBOOK
999 _c1818997
_d1818997